000 00465nam a2200181Ia 4500
008 240729s9999 xx 000 0 und d
022 _a2308-3417
245 0 _aGeriatrics
260 _aSwitzerland
260 _bMDPI AG
650 _a Geriatrics
650 _a Internal medicine
650 _a Special situations and conditions
650 _aMedicine
856 _uhttps://doaj.org/toc/f57fa57e47fc441aae9af5e3ffd79c67
942 _2ddc
942 _cDOAJEJ
999 _c74452
_d74452
945 _a1
_bMadushi Gamage
_c1
_dMadushi Gamage